CHALLENGE 32 - Statistics

General Stats
  • This quiz has been taken 4 times
  • The average score is 6 of 9
Answer Stats
Hint Answer % Correct
Brasilia answer
100%
Santiago comments
100%
Mongolia in
100%
Canberra below
67%
Solomon Islands section
67%
Dili one
33%
Saudi Arabia only
33%
Bangkok sorry!
33%
Bulgaria winner
33%
No matching quizzes found
Score Distribution
Percent of People with Each Score
Percentile by Number Answered
Your Score History
You have not taken this quiz